|
|
|
|
| LEADER |
00000cam a2200000 a 4500 |
| 001 |
1/106513 |
| 008 |
150526s2009####xxk| ||| |||| ||eng|| |
| 020 |
|
|
|a 9780745644370
|
| 040 |
|
|
|a GR-MyUa
|b gre
|c GR-MyUa
|e AACR2
|
| 041 |
0 |
|
|a eng
|
| 082 |
7 |
|
|a 320.96
|2 (23)
|
| 100 |
1 |
|
|a Bayart, Jean-Francois.
|
| 245 |
1 |
4 |
|a The state in Africa :
|b the politics of the belly /
|c Jean-Francois Bayart.
|
| 250 |
|
|
|a 2η έκδ.
|
| 260 |
|
|
|a Cambridge ;
|a Malden, MA :
|b Polity,
|c 2009.
|
| 300 |
|
|
|a xc, 370 σ.
|c 23 εκ.
|
| 500 |
|
|
|a Μετάφραση από τα γαλλικά.
|
| 500 |
|
|
|a Μετάφραση του: Etat en Afrique.
|
| 504 |
|
|
|a Περιλαμβάνει βιβλιογραφία και ευρετήριο.
|
| 651 |
|
0 |
|a Africa
|x Politics and government
|y 1960-
|
| 651 |
|
0 |
|a Africa
|x Social conditions
|y 1960-
|
| 651 |
|
0 |
|a Africa
|x Economic conditions
|y 1960-
|
| 852 |
|
|
|a INST
|b LESVOS
|e 20150526
|h 320.96 BAY
|p 005100056647
|q 005100056647
|t BK
|y 0
|
| 970 |
|
|
|a Τζαφέρη
|b Ευαγγελία
|z 26-05-2015
|